Stranger Things Events by Season - Statistics

General Stats
  • This quiz has been taken 2,028 times
  • The average score is 19 of 23
Answer Stats
Hint Answer % Correct
Will Byers disappears Season 1
93%
Joyce attempts to talk to Will through the lights Season 1
91%
Mike, Lucas, and Dustin meet Eleven for the first time while searching for Will Season 1
91%
Barb is killed by the Demogorgon Season 1
90%
Battle at Starcourt Mall Season 3
90%
Max is put into a coma by Vecna Season 4
90%
Eddie sacrifices himself to let Dustin live following a metal performance Season 4
90%
Jonathan spies on and takes pictures of Nancy Season 1
89%
Eleven escapes Hawkins Lab Season 1
88%
Robin and Steve work at Scoops Ahoy Season 3
87%
The Starcourt Mall is a front for Russian experiments Season 3
87%
Henry Creel murders his family Season 4
86%
Hopper is presumably killed in an explosion Season 3
84%
Billy is possessed by the Mind Flayer Season 3
84%
Dustin discovers a creature called Dart and takes him home Season 2
82%
Joyce and Murray attempt to rescue Hopper from a Russian prison camp Season 4
82%
Snow Ball Season 2
77%
Eleven goes with Eight to murder former Hawkins Lab employees Season 2
74%
Will is possessed by the Mind Flayer Season 2
73%
Nancy is discriminated against by male employees at the Hawkins Post Season 3
70%
Lucas and Max begin dating Season 2
63%
Steve bonds with Dustin and saves his life multiple times. Season 2
60%
Will, Jonathan, Joyce, and Eleven move to California Season 3
38%
No matching quizzes found
Score Distribution
Percent of People with Each Score
Percentile by Number Answered
Your Score History
You have not taken this quiz